000 00500nam a22001937a 4500
003 MPLRDC
005 20220104153657.0
008 210129b ||||| |||| 00| 0 eng d
020 _a981-4174-05-X
082 _a857.62 KNDE-15 v.2
100 _a柯南道尔原著
245 _a翡翠皇冠案
_c方晴、邱金利编译
250 _a初版
260 _a
_b大众书店
_c2004
300 _b
490 _a福尔摩斯探案. 2
650 _a推理小说
942 _cBK
_o857.62 KNDE-15 v.2
999 _c53564
_d53554